[Event "Seebach op 14th"]
[Site "Grossenseebach"]
[Date "2003.06.22"]
[Round "7"]
[White "Walter, Thomas"]
[Black "Dietze, Sebastian"]
[Result "0-1"]
[WhiteElo "1959"]
[BlackElo "2151"]
[PlyCount "80"]
[EventDate "2003.06.19"]
[EventType "swiss"]
[EventRounds "7"]
[EventCountry "GER"]
[SourceTitle "EXT 2018"]
[Source "ChessBase"]
[SourceDate "2017.10.13"]
[SourceVersion "1"]
[SourceVersionDate "2017.10.13"]
[SourceQuality "1"]

1. e4 e5 2. Nf3 Nc6 3. d4 exd4 4. Bc4 Nf6 5. e5 d5 6. Bb5 Nd7 7. 0-0 Bc5 8. Bxc6 bxc6 9. Bg5 Be7 10. Nxd4 Bb7 11. Bxe7 Qxe7 12. e6 fxe6 13. Nxe6 Qxe6 14. Re1 Ne5 15. Qh5+ g6 16. Rxe5 gxh5 17. Rxe6+ Kf7 18. Re1 Rhg8 19. Nd2 Rg7 20. h4 c5 21. Re5 Re8 22. Rxe8 Kxe8 23. Re1+ Kd7 24. Re5 d4 25. g3 Re7 26. Rxe7+ Kxe7 27. f4 Ke6 28. Kf2 h6 29. b3 Bd5 30. Ke2 Kf5 31. Kd3 Kg4 32. Ne4 Bf7 33. Nxc5 Kxg3 34. f5 Kxh4 35. Kxd4 Kg3 36. Ke5 h4 37. Ne4+ Kf3 38. Nd2+ Kg2 39. Kf6 Bh5 40. Nc4 h3 0-1